Curso de química biológica
Saved in:
| Main Authors: | , |
|---|---|
| Format: | Bog |
| Sprog: | spansk |
| Udgivet: |
Buenos Aires
El Ateneo
1955
|
| Udgivelse: | 7a. ed |
| Fag: | |
| Tags: |
Tilføj Tag
Ingen Tags, Vær først til at tagge denne postø!
|
MARC
| LEADER | 00000nam a2200000 a 4500 | ||
|---|---|---|---|
| 001 | UCT1916 | ||
| 003 | CL-VaPUC | ||
| 008 | 961004e19550000AG |||||||||||||||||spa|d | ||
| 082 | 0 | 4 | |a 572 |b DEU |2 21 |
| 100 | 0 | |a Deulofeu, V |e author |9 370957 | |
| 700 | 0 | |a Marenzi, A. D |e author |9 370958 | |
| 245 | 1 | 0 | |a Curso de química biológica |
| 250 | |a 7a. ed | ||
| 300 | |a 788 p | ||
| 942 | |c BK | ||
| 945 | |d 19961004 00:00:00 |a cmena | ||
| 260 | |a Buenos Aires |b El Ateneo |c 1955 | ||
| 650 | 0 | |a Bioquímica |9 259492 | |
| 650 | 0 | |a Química |9 259896 | |
| 650 | 0 | |a Química orgánica |9 259426 | |
| 650 | 0 | |a Hidratos de carbono |9 360963 | |
| 650 | 0 | |a Lípidos |9 306890 | |
| 650 | 7 | |a PRODUCTOS QUIMICOS ORGANICOS |2 CL-VaPUC |9 344420 | |
| 650 | 7 | |a PROTEINAS |2 CL-VaPUC |9 370959 | |
| 650 | 0 | |a Enzimas |9 262984 | |
| 650 | 7 | |a FENOMENOS BIOQUIMICOS |2 CL-VaPUC |9 360969 | |
| 650 | 0 | |a Metabolismo |9 259893 | |
| 650 | 7 | |a HORMONAS |2 CL-VaPUC |9 269554 | |
| 650 | 0 | |a Vitaminas |9 343802 | |
| 650 | 0 | |a Nutrición |9 259434 | |
| 650 | 0 | |a Fotosíntesis |9 261610 | |
| 583 | |a last modification |c 19961004 00:00:00 |k Rodrigo Vera | ||
| 999 | |c 252255 |d 252253 | ||